| 000 -LEADER |
| fixed length control field |
00358nam a2200109Ia 4500 |
| 008 - FIXED-LENGTH DATA ELEMENTS--GENERAL INFORMATION |
| fixed length control field |
200302s9999 xx 000 0 und d |
| 100 ## - MAIN ENTRY--PERSONAL NAME |
| Personal name |
Hael Conway and Rowan Roenisch |
| 245 ## - TITLE STATEMENT |
| Title |
Understanding Architecture An introduction to architecture and architectural History 2nd ed |
| 260 ## - PUBLICATION, DISTRIBUTION, ETC. |
| Name of publisher, distributor, etc. |
Simultaneusly Published in the USA |
| 260 ## - PUBLICATION, DISTRIBUTION, ETC. |
| Date of publication, distribution, etc. |
2005 |
| 300 ## - PHYSICAL DESCRIPTION |
| Extent |
285 P., |